| 000 | 00968nam a22001817a 4500 | ||
|---|---|---|---|
| 005 | 20241026103411.0 | ||
| 008 | 241010b ||||| |||| 00| 0 eng d | ||
| 040 | _cSSBUL | ||
| 082 |
_223 _a၂၉၄.၃၄၃၅၀၉ ဥတ် _b၉၁၂၂ S-SAT |
||
| 100 | 0 |
_aဥတ္တရ၊ ဦး _917263 |
|
| 245 | 1 |
_aရှင်မဟာကဿပထေရ်ဂုဏ်ဆီ ခေါ် အလောင်းတော်ကဿပ သမိုင်းအကျဉ်းချုပ်ကျမ်း / _cဦးဥတ္တရ။ |
|
| 260 |
_a[ထုတ်ဝေသည့်နေရာမပါ] ၊ _b[ထုတ်ဝေသူမပါ]၊ _c[ခုနှစ်မပါ]။ |
||
| 300 |
_a၆၇ စာမျက်နှာ ၊ _c၁၇ စင်တီ။ |
||
| 500 | _aS-SAT: Dr. Sai Aung Tun | ||
| 650 |
_aအလောင်းတော်ကဿပ _955013 |
||
| 650 |
_aအလောင်းတော်ကဿပ _xသမိုင်း _955070 |
||
| 942 |
_2ddc _cBK1 |
||
| 999 |
_c40968 _d40968 |
||